Managing engineering and technology
Managing Engineering and Technology is ideal for courses in Technology Management, Engineering Management, or Introduction to Engineering Technology. This text is also ideal for engineers, scientists, and other technologists interested in enhancing their management skills.
Đã lưu trong:
| 主要作者: | |
|---|---|
| 格式: | 圖書 |
| 語言: | Undetermined |
| 出版: |
Boston, Massachusetts
Pearson
2014
|
| 主題: | |
| 標簽: |
添加標簽
沒有標簽, 成為第一個標記此記錄!
|
| Thư viện lưu trữ: | Trung tâm Học liệu Trường Đại học Cần Thơ |
|---|
| LEADER | 00842nam a2200205Ia 4500 | ||
|---|---|---|---|
| 001 | CTU_230808 | ||
| 008 | 210402s9999 xx 000 0 und d | ||
| 082 | |a 658.002462 | ||
| 082 | |b M884 | ||
| 100 | |a Morse, Lucy C. | ||
| 245 | 0 | |a Managing engineering and technology | |
| 245 | 0 | |c Lucy C. Morse, Daniel L. Babcock | |
| 260 | |a Boston, Massachusetts | ||
| 260 | |b Pearson | ||
| 260 | |c 2014 | ||
| 520 | |a Managing Engineering and Technology is ideal for courses in Technology Management, Engineering Management, or Introduction to Engineering Technology. This text is also ideal for engineers, scientists, and other technologists interested in enhancing their management skills. | ||
| 650 | |a Kỹ thuật,Engineering | ||
| 650 | |x Quản lý,Management | ||
| 910 | |b nthai | ||
| 980 | |a Trung tâm Học liệu Trường Đại học Cần Thơ | ||